000 01099nam0a22002411 4500
001 rc\491101
005 20030616171448.0
035 _a(NLR Aleph) 005733035
090 _a7599179
_c7599179
100 _a20030616d1988 u |0rusy50 ca
101 0 _arus
102 _aRU
105 _ay |||||||||
200 1 _aМетодические рекомендации по оформлению материалов заявки на открытие в области геологических наук
_fПроизв. геол. об-ние по регион. изуч. геол. строения территории страны "Аэрогеология"
_g[Сост. С.М. Калимулин и др.]
210 _aМ.
_cОб-ние "Аэрогеология"
_d1988
215 _a71, [1] с.
_d22
702 1 _aКалимулин
_bС. М.
_gСавва Матиулович
_4220
712 0 2 _a"Аэрогеология", произв. об-ние
_cМосква
_3RU\NLR\AUTH\8810003228
801 0 _aRU
_bNLR
_gpsbo
801 1 _aRU
_bELAR
_2rusmarc
852 _aNLR
_j89-6/597
942 _cBOOK
980 _aNB